| 000 | 00712nam a2200229Ia 4500 | ||
|---|---|---|---|
| 005 | 20250529121524.0 | ||
| 008 | 210122b ###||||| |||| 00| 0 spa d | ||
| 017 | _a2000-0008 | ||
| 020 | _a9972-649-19-9 | ||
| 040 |
_aBIBLIOTECA MUNICIPAL DE BARRANCO _cBIBLIOTECA MUNICIPAL DE BARRANCO |
||
| 041 | _aspa | ||
| 043 | _cpe | ||
| 082 |
_a869.56 _bL46 2000 |
||
| 100 | _aLeón, Rafael | ||
| 245 | 0 |
_aLa china Tudela / _cRafo León |
|
| 260 |
_aLima: _bAPOYO, _c2000 |
||
| 300 |
_a210 p.: _bil.; _c21 cm. |
||
| 650 | 0 |
_aEnsayos peruanos _ySiglo XX _9930 |
|
| 650 | 0 |
_aEnsayos periodísticos -- Perú -- Siglo XX _9941 |
|
| 942 |
_cBK _2ddc _zGHÑ _e2022-11-04 |
||
| 999 |
_c4286 _d4286 |
||